O cancioneiro de Pero Meogo / (Record no. 101997)

MARC details
000 -LEADER
campo de control de longitud fija 00606nam a2200193 i 4500
001 - NÚMERO DE CONTROL
campo de control 101997
003 - IDENTIFICADOR DE NÚMERO DE CONTROL
campo de control ES-MaACL
005 - FECHA Y HORA DE LA ÚLTIMA TRANSACCIÓN
campo de control 20251120063135.0
007 - CAMPO FIJO DE DESCRIPCIÓN FÍSICA--INFORMACIÓN GENERAL
campo de control de longitud fija t|
008 - DATOS DE LONGITUD FIJA--INFORMACIÓN GENERAL
campo de control de longitud fija 051028s1966 sp ||||1| gao d
100 1# - ENTRADA PRINCIPAL--NOMBRE DE PERSONA
Nombre de persona Méndez Ferrín, X. L.,
Fechas asociadas al nombre 1938-
9 (RLIN) 80151
245 12 - MENCIÓN DEL TÍTULO
Título O cancioneiro de Pero Meogo /
Mención de responsabilidad, etc. X. L. Mendez Ferrin.
260 ## - PUBLICACIÓN, DISTRIBUCIÓN, ETC.
Lugar de publicación, distribución, etc. Vigo :
Nombre del editor, distribuidor, etc. Galaxia,
Fecha de publicación, distribución, etc. 1966.
300 ## - DESCRIPCIÓN FÍSICA
Extensión 250 p., 8 lám. pleg. ;
Dimensiones 19 cm.
500 ## - NOTA GENERAL
Nota general Precede al tít.: Centro de Estudios Fingo.
710 2# - ENTRADA AGREGADA--NOMBRE DE ENTIDAD CORPORATIVA
Nombre de entidad corporativa o nombre de jurisdicción como elemento de entrada Centro de Estudios Fingo (Vigo)
9 (RLIN) 2632
852 ## - LOCALIZACIÓN
Ubicación ES-MaACL
Número de control de estantería C-30648
Sublocalización o colección R.60903
Holdings
Estatus retirado Estado de pérdida Estado de daño No para préstamo Biblioteca de origen Biblioteca actual Ubicación en estantería Fecha de adquisición Fuente de adquisición Total de préstamos Signatura topográfica completa Código de barras Visto por última vez Precio de reemplazo Tipo de ítem Koha
        Biblioteca del Ateneo de Madrid Biblioteca del Ateneo de Madrid Depósito 2 17/01/2008     C-30648 1106481 23/02/2023 23/02/2023 Libro impreso